01122nam a2200289 a 450000100060000000300080000600500170001400800410003102000320007203500190010404000270012304100080015008200240015824501300018226000310031230000280034350400410037165000490041265000390046170000290050070000390052970000290056883000690059794200120066699900170067895201370069570264BD-RjUL20211209082000.0170416s1987 nyu b 101 0 eng d a047184800X :c$49.95 (est.) a(BD-RjUL)70478 aDLCcDLCdBD-RjULbeng aeng00a519.5223bNEW 198700aNew perspectives in theoretical and applied statistics /cedited by Madan Lal Puri, José Pérez Vilaplana, Wolfgang Wertz. aNew York :bWiley,cc1987. axxiii, 544 p. ;c24 cm. aIncludes bibliographies and indexes. 0aMathematical statisticsxCongresses.9208085 0aProbabilitiesxCongresses.92080861 aPuri, Madan Lal.92080872 aPérez Vilaplana, José.92080881 aWertz, Wolfgang.9208089 aWiley series in probability and mathematical statistics.9208095 2ddccBK c70264d70264 00102ddc40718NFICaRUCLbRUCLcReadingd1991-06-02eAsia Foundationl0o519.5 NEW 1987r2017-04-16 00:00:00tC-1w2017-04-16yBK